000 00280nam a2200109 i 4500
001 bg
245 0 _aBibliografia zawartoĊ›ci czasopism 1996-2001.
260 _aWarszawa :
_bBiblioteka Narodowa,
_c2002.
040 _cBPK
942 _cCD
008 130116s pl a f |000 0 pol
999 _c53780
_d53780
856 _uhttp://koha.tu.koszalin.pl/cgi-bin/koha/opac-detail.pl?biblionumber=53780
_yKatalog online BPK